Aspectos de la formación de clases en la periferia: estructuras de poder y estrategias /
Saved in:
| Main Author: | |
|---|---|
| Format: | Text |
| Subjects: | |
| Tags: |
Add Tag
No Tags, Be the first to tag this record!
|
MARC
| LEADER | 00000 a a2200000 04500 | ||
|---|---|---|---|
| 001 | 41664 | ||
| 003 | |||
| 040 | |||
| 100 | |a Petras, James F | ||
| 245 | |a Aspectos de la formación de clases en la periferia: |b estructuras de poder y estrategias / |c James F. Petras | ||
| 650 | |a CLASES SOCIALES | ||
| 650 | |a MEDIO URBANO | ||
| 650 | |a CAPITALISMO | ||
| 650 | |a SOCIALISMO | ||
| 650 | |a PODER POLITICO | ||
| 650 | |a INTERVENCION EXTRANJERA | ||
| 650 | |a IMPERIALISMO | ||
| 650 | |a MODERNIZACION | ||
| 773 | |g volumen6, número25 ( , 1976), páginas 33-60 | ||
| 999 | |c 32725 |d 32725 | ||
